| Tag |
First Indicator |
Second Indicator |
Subfields |
| LEADER |
00000cam a2200000 a 4500 |
| 001 |
in00002386643 |
| 005 |
20230420163534.8 |
| 008 |
080512s2008 waua b 101 0 eng d |
| 020 |
|
|
|a 9780819470461
|
| 020 |
|
|
|a 0819470465
|
| 035 |
|
|
|a (OCoLC)ocn227792519
|
| 040 |
|
|
|a SCW
|c SCW
|d TXA
|d UtOrBLW
|
| 049 |
|
|
|a TXAM
|
| 090 |
|
|
|a TA1705
|b .S65 2008
|
| 245 |
0 |
0 |
|a Solid state lasers XVII :
|b technology and devices : 20-24 January 2008, San Jose, California, USA /
|c W. Andrew Clarkson, Norman Hodgson, Ramesh K. Shori, editors ; sponsored by SPIE ; cosponsored by Coherent, Inc. (USA).
|
| 246 |
3 |
0 |
|a Solid state lasers seventeen
|
| 246 |
3 |
|
|a Solid state lasers 17
|
| 264 |
|
1 |
|a Bellingham, Washington :
|b SPIE,
|c [2008]
|
| 264 |
|
4 |
|c ©2008
|
| 300 |
|
|
|a 1 volume (various pagings) :
|b illustrations ;
|c 28 cm.
|
| 336 |
|
|
|a text
|b txt
|2 rdacontent
|
| 337 |
|
|
|a unmediated
|b n
|2 rdamedia
|
| 338 |
|
|
|a volume
|b nc
|2 rdacarrier
|
| 490 |
1 |
|
|a Proceedings / SPIE--the International Society for Optical Engineering ;
|v v. 6871
|
| 504 |
|
|
|a Includes bibliographical references and index.
|
| 650 |
|
0 |
|a Solid-state lasers
|v Congresses.
|
| 700 |
1 |
|
|a Clarkson, W. Andrew.
|
| 700 |
1 |
|
|a Hodgson, Norman,
|d 1962-
|
| 700 |
1 |
|
|a Shori, Ramesh K.
|
| 710 |
2 |
|
|a Society of Photo-optical Instrumentation Engineers.
|
| 710 |
2 |
|
|a Coherent, inc.
|
| 830 |
|
0 |
|a Proceedings of SPIE--the International Society for Optical Engineering ;
|v v. 6871.
|
| 856 |
4 |
1 |
|u https://www.spiedigitallibrary.org/conference-proceedings-of-SPIE/6871.toc
|t 0
|
| 948 |
|
|
|a cataloged
|b h
|c 2008/6/24
|d c
|e dmitchel
|f 8:10:20 am
|
| 994 |
|
|
|a C0
|b TXA
|
| 999 |
|
|
|a MARS
|
| 999 |
f |
f |
|s 6e65ebab-5625-3160-89bc-76c500b25de4
|i 3d3357fa-fc21-3bbd-a298-cf5f2764e87d
|t 0
|
| 952 |
f |
f |
|p ric
|a Texas A&M University
|b Rellis Campus
|c Joint Library Facility
|d Remote Storage
|t 0
|e TA1705 .S65 2008
|h Library of Congress classification
|i unmediated -- volume
|m A14837170231
|
| 998 |
f |
f |
|a TA1705 .S65 2008
|t 0
|l Remote Storage
|